Statistics for Countries Most Similar To Chile

Click here to take the quiz!

General Stats

  • This quiz has been taken 26 times
  • The average score is 15 of 20

Answer Stats

RankCountryScore% Correct
1Argentina80.3
100%
3Colombia75.3
100%
12Brazil68.8
95%
11Paraguay69
95%
6Ecuador73
90%
5Mexico73.5
90%
4Peru74.3
90%
2Uruguay76.6
90%
9Venezuela70.2
90%
16Bolivia67.2
86%
10Panama69.6
86%
8Costa Rica71.3
76%
19Honduras65.1
76%
7Spain73
71%
17Dominican Republic67
62%
14El Salvador68.1
57%
18France66.2
57%
13Portugal68.3
57%
15Italy68
52%
20Croatia65.1
10%

Score Distribution

Percentile by Number Answered

Percent of People with Each Score

Your Score History

You have not taken this quiz